FIFA World Cup record stats - Statistics

General Stats
  • This quiz has been taken 38 times
  • The average score is 9 of 15
Answer Stats
Question Answer % Correct
Which team has won the most World Cups? Brazil
100%
Who is the only player to have scored in 5 tournaments? Cristiano Ronaldo
100%
Who has scored the most goals in the world cup? Miroslav Klose
100%
Who is the only player to have won 3 World Cups? Pele
100%
Which team won the first world cup. Uruguay
100%
How many goals did Just Fontaine score for France in the 1958 world cup? 13
60%
How many goals did Spain score when they won the World cup in 2010? 8
60%
Which team did Hungary beat 10-1 in the 1982 World cup? El Salvador
60%
Who is the oldest player to have scored in the world cup? Roger Milla
60%
How many people attended the world cup final in 1950. 173,850
40%
Who is the only player to have scored 5 goals in a world cup game? Oleg Salenko
40%
How many own goals were scored in the 2018 World cup? 12
20%
How many saves did Tim Howard make verses Belgium in the 2014 World cup? 16
20%
How many goals were scored in the 2022 World cup? 172
20%
Who has assisted the most goals overall? Pele
0%
No matching quizzes found
Score Distribution
Percent of People with Each Score
Percentile by Number Answered
Your Score History
You have not taken this quiz